| 000 | 00734cab a2200229 4500 | ||
|---|---|---|---|
| 001 | ABS56131 | ||
| 008 | 090401t1996 xxu||||| |||| 00| 0 eng d | ||
| 035 | _a(Sirsi) u21461 | ||
| 041 | _aeng | ||
| 245 | _aSelf assessment and 1996-97 partnership assessing | ||
| 260 | _c1996 | ||
| 350 | _a0 | ||
| 490 |
_aInland Revenue Tax Bulletin _v(22) April 1996, 293-298(6) |
||
| 520 | _aExplains the relationship between 1996-97 partnership assessment and self assessment returns. Tables of worked examples. | ||
| 650 | _aPARTNERSHIP ASSESSMENT | ||
| 650 | _aPARTNERSHIPS | ||
| 650 | _aSELF ASSESSMENT | ||
| 690 | _aMANAGEMENT-BUSINESS MANAGEMENT-PROFESSIONAL PRACTICE | ||
| 690 | _aTAXATION | ||
| 942 | _n0 | ||
| 948 | _c04/03/1997 | ||
| 999 |
_c14409 _d14409 |
||